Thiết kế chế tạo bộ truyền thông modbus - ethernet thu thập, lưu trữ dữ liệu và giám sát các thông số công suất tiêu thụ điện, nhiệt độ, độ ẩm : Báo cáo tổng kết đề tài khoa học cấp Trường

保存先:
書誌詳細
第一著者:  Lê, Long Hồ
フォーマット: 図書
言語:Undetermined
出版事項:  Đại học Công nghiệp TP. Hồ Chí Minh  2024
主題:
タグ: タグ追加
タグなし, このレコードへの初めてのタグを付けませんか!
Thư viện lưu trữ: Trung tâm Thư viện - Trường Đại học Công nghiệp TP. Hồ Chí Minh
LEADER 00906nam a2200157Ia 4500
001 IUH_2025_00522
008 251224s9999 xx 000 0 und d
082 |a  621.31 
100 |a  Lê, Long Hồ 
245 0 |a  Thiết kế chế tạo bộ truyền thông modbus - ethernet thu thập, lưu trữ dữ liệu và giám sát các thông số công suất tiêu thụ điện, nhiệt độ, độ ẩm : Báo cáo tổng kết đề tài khoa học cấp Trường 
245 0 |c  Lê, Long Hồ 
260 |b  Đại học Công nghiệp TP. Hồ Chí Minh 
260 |c  2024 
650 |a  Kỹ thuật điện; Điều khiển tự động; Bộ truyền thông modbus -Ethernet;  
927 |a Đề tài khoa học 
980 |a Trung tâm Thư viện - Trường Đại học Công nghiệp TP. Hồ Chí Minh